| 000 | 02280cam a2200433 a 4500 | ||
|---|---|---|---|
| 999 |
_c29322 _d29293 |
||
| 001 | 14773123 | ||
| 003 | EG-ScBUE | ||
| 005 | 20210804140042.0 | ||
| 008 | 070319t2008 nyuab f b 001 0 eng d | ||
| 020 | _a9780205550579 (alk. paper) | ||
| 020 | _a0205550576 (alk. paper) | ||
| 035 | _a(OCoLC)ocm86109947 | ||
| 035 | _a(OCoLC)86109947 | ||
| 040 |
_aDLC _beng _erda _cDLC _dBAKER _dBTCTA _dC#P _dYDXCP _dDLC _dEG-ScBUE |
||
| 043 | _ad------ | ||
| 082 | 0 | 0 |
_a320.91724 _bPAY _222 |
| 100 | 1 |
_aPayne, Richard J., _d1949- _eauthor. |
|
| 245 | 1 | 0 |
_aPolitics and culture in the developing world : _bthe impact of globalization / _cRichard J. Payne, Department of Politics and Government, Illinois State University, Jamal R. Nassar, College of Social and Behavioral Sciences, California State University, San Bernardino. |
| 250 | _aThird edition. | ||
| 264 | 1 |
_aNew York : _bPearson Education, Inc., _c[2008] |
|
| 264 | 4 | _cc2008 | |
| 300 |
_axix, 362 pages : _billustrations, maps ; _c24 cm |
||
| 336 |
_2rdacontent _atext _btxt |
||
| 337 |
_2rdamedia _aunmediated _bn |
||
| 338 |
_2rdacarrier _avolume _bnc |
||
| 500 | _aIncludes glossary. | ||
| 504 | _aIncludes bibliographical references and index. | ||
| 505 | 0 | _aGovernment, politics, and cultures in Africa, Asia, the Middle East, and Latin America -- Global interdependence -- Religion and politics -- Nationalism, colonialism, and independence -- Global and domestic inequalities -- Challenges of development -- The costs of development -- Women in the developing world -- Transitions to democracy and human rights -- Political leadership -- Bureaucracy -- Ethnicity, ethnic conflict, and conflict resolution -- Migration -- Foreign relations of the developing countries. | |
| 650 | 7 |
_aGlobalization. _2BUEsh |
|
| 651 | 7 |
_aDeveloping countries _xPolitics and government. _2BUEsh |
|
| 653 |
_bBUSBOL _cAugust2021 |
||
| 655 |
_vReading book _934232 |
||
| 700 | 1 |
_aNassar, Jamal R. _q(Jamal Raji) _eauthor. |
|
| 856 | 4 | 1 |
_3Table of contents only _uhttp://www.loc.gov/catdir/toc/ecip0713/2007010980.html |
| 906 |
_a7 _bcbc _corignew _d1 _eecip _f20 _gy-gencatlg |
||
| 942 |
_2ddc _cBB |
||